Culture Générale - Série 1920 - Statistiques

Statistiques générales
  • Ce quiz a été pris 76 fois
  • Le résultat moyen est 4 sur 10
Statistiques - réponses
Question Réponse % Correct
Quelle est la discipline sportive pratiquée par Marion Bartoli ? tennis
85%
Qu'appelle-t-on "le neuvième art" ? bande dessinée
78%
Qu'est-ce qu'un pétrel ?, oiseau
56%
De quel pays est originaire la préparation culinaire appelée "fricadelle" ? Pays Bas
40%
Quelle spécialité de Jeanlain (commune du Nord de la France) porte le même nom que cette dernière ? bière
27%
l'amas artificiel de pierres placé à dessein pour marquer un lieu particulier s'appelle "montjoie" ou .... voir photo cairn
27%
Préparation culinaire typique du Nord de la France et de la Belgique à base de boeuf ou de porc et de bière carbonade
26%
Fête populaire annuelle de villages et petites villes, en Belgique et dans le nord de la France, organisée généralement le jour de la fête du saint patron, de la localité ducasse
23%
Comment appelle-t-on une vérité trop évidente pour devoir être énoncée ? truisme
12%
Comment appelle-t-on un un angelot nu et ailé dans les représentations artistiques ? putto
7%
Aucun quiz correspondant
Distribution des résultats
% des personnes avec chaque résultat
Percentile par nombre de réponses
Votre historique - résultats
Vous n’avez pas pris ce quiz